Guess the One Direction song with no hints #18 - Statistics

General Stats
  • This quiz has been taken 1,342 times
  • The average score is 197 of 303
Answer Stats
Answer % Correct
I
99%
you
98%
a
97%
The
91%
the
91%
an
89%
me
89%
do
86%
to
86%
To
86%
we
86%
be
85%
love
85%
your
84%
on,
83%
and
82%
it
82%
go
81%
my
77%
My
77%
Oh,
76%
baby,
75%
can
75%
in
75%
that
75%
you're
75%
if
73%
If
73%
is
73%
of
72%
don't
71%
let
70%
this
70%
It's
69%
it's
69%
know
69%
then
69%
one
68%
One
68%
why
66%
yeah
65%
good
63%
time?
63%
mine
62%
night,
60%
give
59%
life?
59%
out
59%
last
58%
goodbye
57%
But
56%
could
56%
there
56%
won't
56%
Won't
56%
just
55%
should
55%
stay
53%
come
52%
walk
52%
way
52%
end
51%
wanna
51%
over
50%
even
49%
been
48%
Hey,
48%
hey,
48%
hey
48%
more
48%
still
47%
though
47%
friends,
46%
wearing
46%
at
45%
little
45%
tomorrow
45%
everything
44%
that's
44%
look
43%
had
42%
after
41%
comes
40%
right
40%
back
39%
change
39%
didn't
39%
only
39%
hurt
38%
maybe
38%
impossible
37%
nothing
37%
our
37%
show
37%
we've
36%
apologize
35%
Because
35%
mercy
35%
there's
35%
twist
35%
heart's
34%
knife
34%
lips
34%
something
34%
Well,
33%
bring
32%
inevitable
32%
breaking,
31%
saying
31%
taste
31%
already
30%
least
30%
nights
30%
hands
29%
places
29%
understand,
28%
world
28%
negotiated?
26%
whole
24%
together
23%
Unexplainable
20%
Unforgettable
20%
held
17%
No matching quizzes found
Score Distribution
Percent of People with Each Score
Percentile by Number Answered
Your Score History
You have not taken this quiz